<?xml version="1.0" encoding="UTF-8"?>
<record
    xmlns:xsi="http://www.w3.org/2001/XMLSchema-instance"
    xsi:schemaLocation="http://www.loc.gov/MARC21/slim http://www.loc.gov/standards/marcxml/schema/MARC21slim.xsd"
    xmlns="http://www.loc.gov/MARC21/slim">

  <leader>03478na  a2200661   4500</leader>
  <controlfield tag="001">20368</controlfield>
  <controlfield tag="003">MIRAKIL</controlfield>
  <controlfield tag="005">20181213155233.0</controlfield>
  <controlfield tag="008">170118b        tu            000 0      </controlfield>
  <datafield tag="035" ind1=" " ind2=" ">
    <subfield code="a">20368</subfield>
  </datafield>
  <datafield tag="040" ind1=" " ind2=" ">
    <subfield code="a">Milas</subfield>
    <subfield code="b">tur</subfield>
    <subfield code="c">TR-AnCHP</subfield>
  </datafield>
  <datafield tag="041" ind1=" " ind2=" ">
    <subfield code="a">tur</subfield>
  </datafield>
  <datafield tag="082" ind1=" " ind2=" ">
    <subfield code="a">CHP 324.2372026</subfield>
    <subfield code="b">C36y 2012</subfield>
  </datafield>
  <datafield tag="090" ind1=" " ind2=" ">
    <subfield code="a">CHP 324.2372026 C36y 2012</subfield>
  </datafield>
  <datafield tag="110" ind1=" " ind2=" ">
    <subfield code="a">Cumhuriyet Halk Partisi (CHP)</subfield>
  </datafield>
  <datafield tag="222" ind1=" " ind2=" ">
    <subfield code="a">Y&#xF6;netmelikler</subfield>
  </datafield>
  <datafield tag="245" ind1=" " ind2=" ">
    <subfield code="a">Parti Meclisi toplant&#x131;s&#x131;na sunulacak y&#xF6;netmelikler</subfield>
    <subfield code="b">[2012]</subfield>
    <subfield code="c">CHP</subfield>
  </datafield>
  <datafield tag="246" ind1=" " ind2=" ">
    <subfield code="a">2012 CHP y&#xF6;netmelikleri</subfield>
  </datafield>
  <datafield tag="246" ind1=" " ind2=" ">
    <subfield code="a">CHP y&#xF6;netmeli&#x11F;i</subfield>
  </datafield>
  <datafield tag="246" ind1=" " ind2=" ">
    <subfield code="a">CHP 2012 y&#xF6;netmeli&#x11F;i</subfield>
  </datafield>
  <datafield tag="246" ind1=" " ind2=" ">
    <subfield code="a">Cumhuriyet Halk Partisi y&#xF6;netmelik</subfield>
  </datafield>
  <datafield tag="246" ind1=" " ind2=" ">
    <subfield code="a">CHP 2012 y&#xF6;netmelikleri</subfield>
  </datafield>
  <datafield tag="246" ind1=" " ind2=" ">
    <subfield code="a">CHP Kurultay Y&#xF6;netmeli&#x11F;i de&#x11F;i&#x15F;iklik &#xF6;nerileri</subfield>
  </datafield>
  <datafield tag="260" ind1=" " ind2=" ">
    <subfield code="a">Ankara </subfield>
    <subfield code="b">CHP</subfield>
    <subfield code="c">2012</subfield>
  </datafield>
  <datafield tag="300" ind1=" " ind2=" ">
    <subfield code="a">114 s.</subfield>
    <subfield code="c">34 sm.</subfield>
  </datafield>
  <datafield tag="440" ind1=" " ind2=" ">
    <subfield code="a">Cumhuriyet Halk Partisi yay&#x131;nlar&#x131;</subfield>
    <subfield code="p">Y&#xF6;netmelikler</subfield>
  </datafield>
  <datafield tag="500" ind1=" " ind2=" ">
    <subfield code="a">K&#xFC;t&#xFC;phaneciden &#xE7;evrimd&#x131;&#x15F;&#x131; versiyonu sa&#x11F;lanabilir.</subfield>
  </datafield>
  <datafield tag="505" ind1=" " ind2=" ">
    <subfield code="a">1. &#x130;l ve &#x130;l&#xE7;e Y&#xF6;netim Kurullar&#x131;n&#x131;n &#xC7;al&#x131;&#x15F;ma ve Yaz&#x131;&#x15F;ma Y&#xF6;netmeli&#x11F;i - 2. &#xDC;ye yaz&#x131;m Y&#xF6;netmeli&#x11F;i - 3. Belde &#xD6;rg&#xFC;t&#xFC; Y&#xF6;netmeli&#x11F;i - 4. Muhtarl&#x131;k B&#xF6;lgesi G&#xF6;revlileri &#xC7;al&#x131;&#x15F;ma Y&#xF6;netmeli&#x11F;i- 5.Kongreler (&#x130;l ve &#x130;l&#xE7;e Kongreleri ile Sand&#x131;k Sorulusu ve &#x130;l&#xE7;e Kongreleri Delegelerinin Se&#xE7;imi) Y&#xF6;netmeli&#x11F;i - 6. Kad&#x131;n Kurullar&#x131; Y&#xF6;netmeli&#x11F;i - 7. Gen&#xE7;lik Kollar&#x131; Y&#xF6;netmeli&#x11F;i - 8. Onur Kurulu ve Dan&#x131;&#x15F;ma Kurultaylar&#x131; Y&#xF6;netmeli&#x11F;i - 9. Dan&#x131;&#x15F;ma Toplant&#x131;lar&#x131; Y&#xF6;netmeli&#x11F;i - 10. Hesap Y&#xF6;netmeli&#x11F;i - 11. Yurtd&#x131;&#x15F;&#x131; Temsilcilikler Y&#xF6;netmeli&#x11F;i - 12. Parti &#x130;&#xE7;i E&#x11F;itim Y&#xF6;netmeli&#x11F;i - 13. Ar-Ge; Bilim, Y&#xF6;netim ve K&#xFC;lt&#xFC;r Platformu Y&#xF6;netmeli&#x11F;i - 14. Bilgi ve &#x130;leti&#x15F;im Teknolojileri Merkezi (B&#x130;TEM) Y&#xF6;netmeli&#x11F;i</subfield>
  </datafield>
  <datafield tag="610" ind1=" " ind2=" ">
    <subfield code="a">Cumhuriyet Halk Partisi (CHP)</subfield>
    <subfield code="b">Parti Meclisi (PM)</subfield>
    <subfield code="x">Y&#xF6;netmelikler, 2012</subfield>
    <subfield code="y">De&#x11F;i&#x15F;iklikler</subfield>
  </datafield>
  <datafield tag="610" ind1=" " ind2=" ">
    <subfield code="a">Cumhuriyet Halk Partisi (CHP)</subfield>
    <subfield code="x">Hukuk ve mevzuat</subfield>
    <subfield code="y">Y&#xF6;netmelikler</subfield>
  </datafield>
  <datafield tag="651" ind1=" " ind2=" ">
    <subfield code="a">T&#xFC;rkiye</subfield>
    <subfield code="x">Siyaset ve y&#xF6;netim</subfield>
    <subfield code="y">2012-2014</subfield>
  </datafield>
  <datafield tag="657" ind1=" " ind2=" ">
    <subfield code="a">CHP kurultay y&#xF6;netmelikleri</subfield>
  </datafield>
  <datafield tag="657" ind1=" " ind2=" ">
    <subfield code="a">CHP y&#xF6;netmelikleri</subfield>
  </datafield>
  <datafield tag="657" ind1=" " ind2=" ">
    <subfield code="a">CHP 2012 y&#xF6;netmeli&#x11F;i</subfield>
  </datafield>
  <datafield tag="657" ind1=" " ind2=" ">
    <subfield code="a">Cumhuriyet Halk Partisi y&#xF6;netmeli&#x11F;i</subfield>
  </datafield>
  <datafield tag="657" ind1=" " ind2=" ">
    <subfield code="a">CHP 2012 y&#xF6;netmelikleri</subfield>
  </datafield>
  <datafield tag="657" ind1=" " ind2=" ">
    <subfield code="a">CHP kongre y&#xF6;netmelikleri</subfield>
  </datafield>
  <datafield tag="740" ind1=" " ind2=" ">
    <subfield code="a">CHP Kurultay Y&#xF6;netmeli&#x11F;i de&#x11F;i&#x15F;iklik &#xF6;nerileri</subfield>
  </datafield>
  <datafield tag="740" ind1=" " ind2=" ">
    <subfield code="a">2012 Kurultay y&#xF6;netmeli&#x11F;i</subfield>
  </datafield>
  <datafield tag="740" ind1=" " ind2=" ">
    <subfield code="a">2012 CHP Kurultay Y&#xF6;netmeli&#x11F;i</subfield>
  </datafield>
  <datafield tag="740" ind1=" " ind2=" ">
    <subfield code="a">2012 &#x130;l ve &#x130;l&#xE7;e Y&#xF6;netim Kurullar&#x131;n&#x131;n &#xC7;al&#x131;&#x15F;ma ve Yaz&#x131;&#x15F;ma Y&#xF6;netmeli&#x11F;i </subfield>
  </datafield>
  <datafield tag="740" ind1=" " ind2=" ">
    <subfield code="a">2012 &#xDC;ye yaz&#x131;m Y&#xF6;netmeli&#x11F;i </subfield>
  </datafield>
  <datafield tag="740" ind1=" " ind2=" ">
    <subfield code="a">2012 Belde &#xD6;rg&#xFC;t&#xFC; Y&#xF6;netmeli&#x11F;i </subfield>
  </datafield>
  <datafield tag="740" ind1=" " ind2=" ">
    <subfield code="a">2012 Muhtarl&#x131;k B&#xF6;lgesi G&#xF6;revlileri &#xC7;al&#x131;&#x15F;ma Y&#xF6;netmeli&#x11F;i</subfield>
  </datafield>
  <datafield tag="740" ind1=" " ind2=" ">
    <subfield code="a">2012 Kongreler (&#x130;l ve &#x130;l&#xE7;e Kongreleri ile Sand&#x131;k Sorulusu ve &#x130;l&#xE7;e Kongreleri Delegelerinin Se&#xE7;imi) Y&#xF6;netmeli&#x11F;i </subfield>
  </datafield>
  <datafield tag="740" ind1=" " ind2=" ">
    <subfield code="a">2012 Kad&#x131;n Kurullar&#x131; Y&#xF6;netmeli&#x11F;i </subfield>
  </datafield>
  <datafield tag="740" ind1=" " ind2=" ">
    <subfield code="a">2012 Gen&#xE7;lik Kollar&#x131; Y&#xF6;netmeli&#x11F;i </subfield>
  </datafield>
  <datafield tag="740" ind1=" " ind2=" ">
    <subfield code="a">2012 Onur Kurulu ve Dan&#x131;&#x15F;ma Kurultaylar&#x131; Y&#xF6;netmeli&#x11F;i</subfield>
  </datafield>
  <datafield tag="740" ind1=" " ind2=" ">
    <subfield code="a">2012 Dan&#x131;&#x15F;ma Toplant&#x131;lar&#x131; Y&#xF6;netmeli&#x11F;i </subfield>
  </datafield>
  <datafield tag="740" ind1=" " ind2=" ">
    <subfield code="a">2012 Hesap Y&#xF6;netmeli&#x11F;i</subfield>
  </datafield>
  <datafield tag="740" ind1=" " ind2=" ">
    <subfield code="a">2012 Yurtd&#x131;&#x15F;&#x131; Temsilcilikler Y&#xF6;netmeli&#x11F;i </subfield>
  </datafield>
  <datafield tag="740" ind1=" " ind2=" ">
    <subfield code="a">2012 Parti &#x130;&#xE7;i E&#x11F;itim Y&#xF6;netmeli&#x11F;i </subfield>
  </datafield>
  <datafield tag="740" ind1=" " ind2=" ">
    <subfield code="a">2012 Ar-Ge; Bilim, Y&#xF6;netim ve K&#xFC;lt&#xFC;r Platformu Y&#xF6;netmeli&#x11F;i </subfield>
  </datafield>
  <datafield tag="740" ind1=" " ind2=" ">
    <subfield code="a">2012 Bilgi ve &#x130;leti&#x15F;im Teknolojileri Merkezi (B&#x130;TEM) Y&#xF6;netmeli&#x11F;i</subfield>
  </datafield>
  <datafield tag="830" ind1=" " ind2=" ">
    <subfield code="a">CHP y&#xF6;netmelikleri</subfield>
  </datafield>
  <datafield tag="942" ind1=" " ind2=" ">
    <subfield code="2">ddc</subfield>
    <subfield code="c">BKS</subfield>
  </datafield>
  <datafield tag="952" ind1=" " ind2=" ">
    <subfield code="a">0001</subfield>
    <subfield code="b">0001</subfield>
    <subfield code="d">2017-01-18</subfield>
    <subfield code="e">2</subfield>
    <subfield code="l">0</subfield>
    <subfield code="o">CHP 324.2372026 C36y 2012</subfield>
    <subfield code="p">011708</subfield>
    <subfield code="r">2017-01-18 00:00:00</subfield>
    <subfield code="v">0.00</subfield>
    <subfield code="w">2017-01-18</subfield>
    <subfield code="x"> Spirall&#x131; &#xF6;zg&#xFC;n taslak</subfield>
    <subfield code="y">BKS</subfield>
  </datafield>
  <datafield tag="999" ind1=" " ind2=" ">
    <subfield code="c">9047</subfield>
    <subfield code="d">9047</subfield>
  </datafield>
</record>
